Culture Générale - Série 1614 - Statistiques

Statistiques générales
  • Ce quiz a été pris 412 fois
  • Le résultat moyen est 5 sur 10
Statistiques - réponses
Question Réponse % Correct
De quel pays la ville d'Ottawa est-elle la capitale fédérale ? Canada
97%
Quelle est la capitale de la Suisse ? Berne
94%
Avant de se faire enlever ses dents de sagesses, combien de dents l'homme adulte possède-t-il au maximum ? 32
91%
Quel mot désigne le fil sécrétée par les araignées pour tisser leur toile ? soie
44%
En droit français, comment appelle-t-on une modification apportée à un projet de loi au cours d'un débat en assemblée ? amendement
41%
De quelle nationalité était l'écrivain August Strindberg ? suédoise
39%
Dans quelle commune de la Marne habitent les Tréconniers ? Trécon
33%
Dans quel journal de bande dessinée, créé en 1959, Astérix et Achille Talon ont-ils fait leurs débuts ? Pilote
26%
Quel homme politique français (initiales : HV) a été ministre des Affaires étrangères de 1997 à 2002 ? Hubert Védrine
21%
Quel affluent de la Seine, qui a donné son nom à un département français, naît sur le plateau de Langres et traverse la Champagne ? Aube
20%
Aucun quiz correspondant
Distribution des résultats
% des personnes avec chaque résultat
Percentile par nombre de réponses
Votre historique - résultats
Vous n’avez pas pris ce quiz